Žalmy 2

Bibliographic Details
Format: Book
Language:Slovak
PhysicalDescription:351 s. 13 cm
Published: Bratislava Nestor 1999
ISBN:8088801915
Series:Minor. Nestor (Bratislava, Slovensko)
Subjects:

MARC

LEADER 00000cam a2200000 a 4500
001 vtls001395314
003 SK-MaSNL
005 20260301011832.0
008 240226s1999 xo 000 0 slo
015 |a SNBA2000/11-03905 
020 |a 8088801915 
035 |a SNK000349667 
035 |a urn:nbn:sk:snk-am3i9x7 
035 |a 06C18EB2-468B-4048-A5A8-30BA5F3B31D3 
035 |a urn:nbn:sk:snk-am00dzlb 
040 |a SNK  |b slo  |c SNK  |e AACR2 
041 0 |a slo 
044 |a xo  |c SK 
080 |a 223.2  |2 1981 
080 |a 244  |2 1981 
245 0 0 |a Žalmy  |n 2 
260 |a Bratislava  |b Nestor  |c 1999 
300 |a 351 s.  |c 13 cm 
490 1 |a Minor / Nestor 
500 |a Ilustr. na front. 
630 0 7 |a Biblia  |p Žalmy  |2 SNKPH  |9 162798 
630 0 7 |a Biblia  |p Starý zákon  |2 SNKPH  |9 185646 
650 0 7 |a náboženská literatúra  |2 SNKPH  |9 1487 
655 7 |a modlitby  |2 SNKPH  |9 70550 
830 0 |a Minor. Nestor (Bratislava, Slovensko)  |9 295889 
919 |a 80-88801-91-5 
958 |a TL 
958 |a NT 
999 |c 551997  |d 553927 
952 |t P60, <03>, [BOOK], {603}  |a SNK  |b SNK  |y PREZ  |7 0  |p 17A0249963  |o snkSE 9868/2  |i snkKSP 9856/2000  |0 0  |1 0  |4 0  |d 2000-09-07  |f 1  |l 0  |r 2005-01-02 00:00:00  |w 2026-02-23 
952 |t P60, <04>, [BOOK], {604}  |a SNK  |b SNK  |y VYP  |7 0  |p 17A0249964  |o snkSE 9868/2 D1  |i snkKSP 9857/2000  |0 0  |1 0  |4 0  |d 2000-09-07  |l 0  |r 2005-01-02 00:00:00  |w 2026-02-23 
952 |t P60, <09>, [BOOK], {629}  |a SNK  |b SNK  |y NEVYP  |7 0  |o snkE 52  |i snk970/20000908  |0 0  |1 0  |4 0  |d 2000-09-07  |l 0  |r 2005-01-02 00:00:00  |w 2026-02-23